Orlando/Sanford Int'l Airport (SFB) Destinations - Statistics

General Stats
  • This quiz has been taken 107 times
    50 since last reset
  • The average score is 51 of 82
Answer Stats
Hint Airlines Answer % Correct
U.S. (New York) Allegiant Albany
93%
U.S. (Texas) Allegiant Austin
89%
Canada (Ontario) Swoop, Flair Toronto
89%
U.S. (North Carolina) Allegiant Concord
86%
U.S. (Illinois) Allegiant Rockford
86%
U.S. (New Mexico) Allegiant Albuquerque
82%
U.S. (Ohio) Allegiant Cleveland
82%
U.S. (Ohio) Allegiant Columbus Rickenbacker
82%
U.S. (Iowa) Allegiant Des Moines
82%
U.S. (Tennessee) Allegiant Memphis
82%
U.S. (Tennessee) Allegiant Nashville
82%
U.S. (Pennsylvania) Allegiant Harrisburg
79%
U.S. (Indiana) Allegiant Indianapolis
79%
U.S. (Tennessee) Allegiant Knoxville
79%
U.S. (Arkansas) Allegiant Little Rock
79%
U.S. (New York) Allegiant Rochester
79%
Canada (Alberta) Swoop Edmonton
75%
U.S. (North Dakota) Allegiant Fargo
75%
Canada (Quebec) Flair Montreal
75%
U.S. (Pennsylvania) Allegiant Pittsburgh
75%
U.S. (New York) Allegiant Syracuse
75%
U.S. (Pennsylvania) Allegiant Allentown
71%
U.S. (Ohio) Allegiant Dayton
71%
U.S. (Kentucky) Allegiant Louisville
71%
U.S. (Oklahoma) Allegiant Oklahoma City
71%
U.S. (Oklahoma) Allegiant Tulsa
71%
U.S. (Illinois) Allegiant Belleville/St. Louis
68%
U.S. (North Dakota) Allegiant Bismarck
68%
U.S. (Tennessee) Allegiant Chattanooga
68%
U.S. (Ohio) Allegiant Cincinnati
68%
U.S. (Michigan) Allegiant Grand Rapids
68%
U.S. (North Carolina) Allegiant Greensboro
68%
Canada (Nova Scotia) Flair Halifax
68%
Canada (Ontario) Swoop Hamilton
68%
U.S. (Kentucky) Allegiant Lexington
68%
Puerto Rico (U.S.) Allegiant San Juan
68%
U.S. (Maine) Allegiant Bangor
64%
U.S. (Iowa) Allegiant Cedar Rapids
64%
U.S. (Texas) Allegiant El Paso
64%
U.S. (Missouri) Allegiant Kansas City
64%
U.S. (Nebraska) Allegiant Omaha
64%
U.S. (North Carolina) Allegiant Raleigh
64%
U.S. (Virginia) Allegiant Richmond
64%
U.S. (Texas) Allegiant San Antonio
64%
U.S. (North Carolina) Allegiant Asheville
61%
U.S. (Indiana) Allegiant Fort Wayne
61%
U.S. (South Carolina) Allegiant Greenville
61%
U.S. (Virginia) Allegiant Norfolk
61%
U.S. (Ontario) Flair Ottawa
61%
U.S. (South Dakota) Allegiant Sioux Falls
61%
U.S. (Ohio) Allegiant Toledo
61%
U.S. (Kansas) Allegiant Wichita
61%
U.S. (Wisconsin) Allegiant Appleton
57%
U.S. (Illinois) Allegiant Bloomington-Normal
57%
U.S. (Arkansas) Allegiant Fayetteville
57%
U.S. (Michigan) Allegiant Flint
57%
U.S. (Florida) Allegiant Key West
57%
U.S. (Missouri) Allegiant Springfield/Branson
57%
U.S. (Indiana) Allegiant Evansville
54%
Guyana Surinam Airways Georgetown
54%
U.S. (Mississippi) Allegiant Gulfport
54%
Suriname Surinam Airways Paramaribo
54%
U.S. (Illinois) Allegiant Peoria
54%
U.S. (Indiana) Allegiant South Bend
50%
U.S. (New York) Allegiant Elmira
46%
U.S. (South Dakota) Allegiant Rapid City
46%
U.S. (North Dakota) Allegiant Grand Forks
43%
U.S. (West Virginia) Allegiant Huntington
43%
U.S. (Texas) Allegiant McAllen
43%
U.S. (Illinois) Allegiant Moline
43%
U.S. (Kentucky) Allegiant Owensboro
43%
U.S. (New York) Allegiant Plattsburgh
43%
U.S. (Louisiana) Allegiant Shreveport
43%
U.S. (Virginia) Allegiant Roanoke
39%
U.S. (Michigan) Allegiant Traverse City
39%
U.S. (Maryland) Allegiant Hagerstown
36%
U.S. (New York) Allegiant Newburgh
36%
U.S. (New York) Allegiant Niagara Falls
32%
U.S. (New Hampshire) Allegiant Portsmouth
32%
U.S. (Tennessee) Allegiant Tri-Cities
32%
U.S. (West Virginia) Allegiant Clarksburg
29%
Canada (Ontario) Flair Kitchener-Waterloo
7%
No matching quizzes found
Score Distribution
Percent of People with Each Score
Percentile by Number Answered
Your Score History
You have not taken this quiz since the last reset